| 000 | 00722nam a2200217Ia 4500 | ||
|---|---|---|---|
| 003 | GCL | ||
| 005 | 20240530101903.0 | ||
| 008 | 140319s9999 xx 000 0 ara d | ||
| 040 |
_aGCL / _cGCL |
||
| 082 | 0 | 4 |
_a962.064 _bق/م ح |
| 100 | 1 | _aمحمد حسنين هيكل | |
| 245 | 1 | 0 |
_aحرب الخليج: اوهام القوة والنصر / _cمحمد حسنين هيكل |
| 260 |
_a[S.N] : _bمركز الاهرام للترجمة والنشر ، _c1992 |
||
| 300 | _a635 ص | ||
| 650 | 0 | 4 | _aالعالم العربى |
| 650 | 0 | 4 | _aالاحوال السياسية |
| 650 | 0 | 4 | _aالسياسة الدولية |
| 650 | 0 | 4 | _aالعلاقات الخارجية |
| 650 | 0 | 4 | _aحرب الخليج |
| 942 |
_2ddc _cBK |
||
| 999 |
_c28483 _d28483 |
||